Police Academy Movies - Statistics

General Stats
  • This quiz has been taken 171 times
  • The average score is 4 of 7
Answer Stats
Year Title % Correct
1984 P{olice} A{cademy}
98%
1986 Police Academy 3: B{ack} in T{raining}
63%
1987 Police Academy 4: C{itizens} on P{atrol}
61%
1994 Police Academy 7: M{ission} to M{oscow}
57%
1985 Police Academy 2: T{heir} F{irst} A{ssignment}
48%
1988 Police Academy 5: A{ssignment} M{iami} B{each}
44%
1989 Police Academy 6: C{ity} U{nder} S{iege}
40%
No matching quizzes found
Score Distribution
Percent of People with Each Score
Percentile by Number Answered
Your Score History
You have not taken this quiz